The seeds of a solution (Record no. 117154)

MARC details
000 -LEADER
fixed length control field 01025cam a2200229 4500
001 - CONTROL NUMBER
control field ABS67672
008 - FIXED-LENGTH DATA ELEMENTS--GENERAL INFORMATION
fixed length control field 040331n2004 000 0 eng u
035 ## - SYSTEM CONTROL NUMBER
System control number (Sirsi) u125694
100 ## - MAIN ENTRY--PERSONAL NAME
Personal name Coleman, P.
245 #4 - TITLE STATEMENT
Title The seeds of a solution
260 ## - PUBLICATION, DISTRIBUTION, ETC.
Date of publication, distribution, etc. 2004
490 ## - SERIES STATEMENT
Series statement Regeneration and Renewal
Volume/sequential designation 26 March 2004, 20-21(2)
520 ## - SUMMARY, ETC.
Summary, etc. Examines a partnership between farmers and inner city communities producing fresh produce for local markets. It is part of the work being done by the Grassroots Food Network, a charity that attempts to rebuild local food economies by bringing together farmers, food producers and low-income consumers. Such schemes help to tackle the problems of small farmers going out of business while inner city communities need better access to cheap, fresh produce.
590 ## - LOCAL NOTE (RLIN)
Local note ABS
590 ## - LOCAL NOTE (RLIN)
Local note ABS
650 ## - SUBJECT ADDED ENTRY--TOPICAL TERM
Topical term or geographic name entry element SMALL FARMERS
650 ## - SUBJECT ADDED ENTRY--TOPICAL TERM
Topical term or geographic name entry element INNER CITY INITIATIVES
650 ## - SUBJECT ADDED ENTRY--TOPICAL TERM
Topical term or geographic name entry element LOCAL ECONOMY
650 ## - SUBJECT ADDED ENTRY--TOPICAL TERM
Topical term or geographic name entry element FOOD PRODUCTION
690 ## - LOCAL SUBJECT ADDED ENTRY--TOPICAL TERM (OCLC, RLIN)
Topical term or geographic name as entry element RURAL-AGRICULTURE AND FORESTRY
942 ## - ADDED ENTRY ELEMENTS (KOHA)
Suppress in OPAC 0
Holdings
Withdrawn status Lost status Source of classification or shelving scheme Damaged status Not for loan Home library Current library Shelving location Date acquired Total Checkouts Full call number Barcode Date last seen Copy number Price effective from Koha item type
    Dewey Decimal Classification     London London Journal article 31/03/2004   ABS67672 125694-1001 06/08/2019 1 06/08/2019 Journal article